|
|
|
|
| LEADER |
00000cam a22000004a 4500 |
| 001 |
musev2_996 |
| 003 |
MdBmJHUP |
| 005 |
20230905040148.0 |
| 006 |
m o d |
| 007 |
cr||||||||nn|n |
| 008 |
050309s2006 alu o 00 0 eng d |
| 010 |
|
|
|z 2005006877
|
| 020 |
|
|
|a 9780817384593
|
| 020 |
|
|
|z 9780817314811
|
| 020 |
|
|
|z 9780817352530
|
| 035 |
|
|
|a (OCoLC)680620797
|
| 040 |
|
|
|a MdBmJHUP
|c MdBmJHUP
|
| 043 |
|
|
|a n-us-tn
|
| 050 |
0 |
4 |
|a E78.T3
|b W45 2006
|
| 082 |
0 |
|
|a 976.8/31
|2 22
|
| 100 |
1 |
|
|a Welch, Paul D.,
|d 1955-
|
| 245 |
1 |
0 |
|a Archaeology at Shiloh Indian Mounds, 1899-1999 /
|c Paul D. Welch.
|
| 264 |
|
1 |
|a Tuscaloosa :
|b University of Alabama Press,
|c 2006.
|
| 264 |
|
3 |
|a Baltimore, Md. :
|b Project MUSE,
|c 2012
|
| 264 |
|
4 |
|c ©2006.
|
| 300 |
|
|
|a 1 online resource (310 pages):
|b ill., maps ;
|
| 336 |
|
|
|a text
|b txt
|2 rdacontent
|
| 337 |
|
|
|a computer
|b c
|2 rdamedia
|
| 338 |
|
|
|a online resource
|b cr
|2 rdacarrier
|
| 504 |
|
|
|a Includes bibliographical references (p. [269]-286) and index.
|
| 505 |
0 |
|
|a Introduction -- History of research at Shiloh Indian mounds -- Artifact typology -- Excavations in 1933/1934 -- Queens College fieldwork in 1998 -- Queens College fieldwork in 1999 -- SEAC fieldwork in 1999 / by Paul D. Welch, David G. Anderson, and John E. Cornelison, Jr -- Shiloh in context.
|
| 588 |
|
|
|a Description based on print version record.
|
| 650 |
|
0 |
|a Excavations (Archaeology)
|z Tennessee
|z Shiloh Indian Mounds National Historic Landmark
|x History.
|
| 650 |
|
0 |
|a Mound-builders
|z Tennessee
|z Shiloh Indian Mounds National Historic Landmark.
|
| 650 |
|
0 |
|a Indians of North America
|z Tennessee
|z Shiloh Indian Mounds National Historic Landmark
|x Antiquities.
|
| 651 |
|
0 |
|a Shiloh Indian Mounds National Historic Landmark (Tenn.)
|x Antiquities.
|
| 655 |
|
7 |
|a Electronic books.
|2 local
|
| 710 |
2 |
|
|a Project Muse.
|e distributor
|
| 830 |
|
0 |
|a Book collections on Project MUSE.
|
| 856 |
4 |
0 |
|z Texto completo
|u https://projectmuse.uam.elogim.com/book/996/
|
| 945 |
|
|
|a Project MUSE - Custom Collection
|
| 945 |
|
|
|a Project MUSE - Archive Complete Foundation
|
| 945 |
|
|
|a Project MUSE - Archive Archaeology and Anthropology Foundation
|
| 945 |
|
|
|a Project MUSE - Archive Native American and Indigenous Studies Foundation
|